000
00271nam a2200109Ia 4500
008
190912s9999||||xx |||||||||||||| ||und||
100
_a
Pro,Shareef-ul-Mujahid
245
0
_a
Da Pakistan Tehreek
260
_a
Karachi
_b
Quaid-e-Azam Academy
_c
1984
300
_a
52
942
_c
BK
999
_c
7377
_d
7377